Szczegóły MARC21

Der Charme des Ruhestörers : Heine-Studien : Ästhetik und Politik . 2 /

005 -DATA I CZAS OSTATNIEJ MODYFIKACJI [,]
    • @
    • pole kontrolne
    • 20070315155141.9
020 -Międzynarod. znormalizowany nr książki - ISBN [ , ]
    • a
    • Numer ISBN
    • 3890868207 Find
040 -Instytucja sporządzająca opis [ , ]
    • a
    • Instytucja, która sporządziła opis (NP)
    • SZCZ U
    • c
    • Instytucja, która sporządziła rekord (NP)
    • SZCZ U
041 -Język dokumentu [0, ]
    • a
    • Język tekstu (P)
    • niemiecki
    • h
    • Język tekstu oryginalnego i/lub pośredniego (P)
    • niemiecki
942 -Rodzaj dokumentu [ , ]
    • c
    • Rodzaj dokumentu
    • Książka
100 -Hasło główne - nazwa osobowa [ , ]
    • a
    • Nazwa osobowa (NP)
    • BETZ, ALBRECHT
245 -Strefa tytułu i oznaczenia odpowiedzialności [1, ]
    • a
    • Tytuł
    • Der Charme des Ruhestörers : Find
    • b
    • Ciąg dalszy tytułu (NP)
    • Heine-Studien : Ästhetik und Politik . Find
    • n
    • Oznaczenie części (P)
    • 2 /
    • c
    • Pozostałe elementy strefy tytułu i oznaczenia odpowiedzialności (NP)
    • Albrecht Betz.
260 -Strefa adresu wydawniczego [ , ]
    • a
    • Miejsce wydania (P)
    • Aachen :
    • b
    • Nazwa wydawcy (P)
    • Rimbaud,
    • c
    • Data wydania (P)
    • 1997.
300 -Strefa opisu fizycznego [ , ]
    • a
    • Określenie formy książki i/lub objętość (NP)
    • 95 s :
    • c
    • Format (NP)
    • 21 cm.
080 -Uniwersalna Klasyfikacja Dziesiętna [ , ]
    • a
    • Symbol klasyfikacji
    • 830(091)-1Heine H.=30
980 -Symbol UKD [ , ]
    • a
    • UKD
    • 830(091)-1Heine H.=30
920 -ISBN [ , ]
    • a
    • ISBN
    • 3-89086-820-7 Find
Numer inwentarzowy Status udost. Lokalizacja Data inwentaryzacji Sygnatura
G.15537-3BM2001-05-07Germ. Literaturozn. - Heine 04